Most Rushing Yards in games I have been to - Statistics

General Stats
  • This quiz has been taken 3 times
  • The average score is 12 of 17
Answer Stats
Rank Position Answer Rush Yards Team Year Awards % Correct
13. QB Bailey Zappe 5 New England Patriots 2022
100%
6. RB Craig Reynolds 24 Detroit Lions 2022
100%
10. RB Damien Harris 11 New England Patriots 2022
100%
4. RB Jamaal Williams 56 Detroit Lions 2022
100%
8. RB James White 17 New England Patriots 2014 3x SB
100%
11. QB Jared Goff 7 Detroit Lions 2022 4x Pro Bowl
100%
12. QB Jay Cutler 6 Chicago Bears 2014 1x Pro Bowl
100%
1. RB Rhamondre Stevenson 161 New England Patriots 2022
100%
7. RB Shane Vereen 22 New England Patriots 2014 1x SB
100%
14. QB Tom Brady 0 New England Patriots 2014 15x Pro Bowl, 3x All Pro, 7x SB, 3x MVP
100%
15. QB Jimmy Garoppolo -1 New England Patriots 2014 2x SB
67%
15. WR Kendrick Bourne -1 New England Patriots 2022
67%
17. TE Tim Wright -2 New England Patriots 2014 1x SB
67%
2. RB Matt Forte 114 Chicago Bears 2014 2x Pro Bowl
33%
3. RB Jonas Gray 86 New England Patriots 2014 1x SB
0%
9. RB Justin Jackson 14 Detroit Lions 2014
0%
5. RB Ka'Deem Carey 33 Chicago Bears 2014
0%
No matching quizzes found
Score Distribution
Percent of People with Each Score
Percentile by Number Answered
Your Score History
You have not taken this quiz